MDQL
is popping MORE tags! Check the
thread
!
Quizzes
Events
Quiz Creation
Community
Videos
Private Events
Remove Ads
Sign In
Join for FREE
Feedback
Dark Mode
Quiz Categories
Sports
Geography
Music
Movies
Television
Just For Fun
Miscellaneous
History
Literature
Language
Science
Gaming
Entertainment
Religion
Holiday
For Kids
Quiz Lab
Recent
Popular Today
Quiz Kudos Today
Editor Picks
Curator Picks
Quizzes by...
Day
Popularity
Type
Ratings
Length
Year
Community
Subscriptions
Recent Discussions
Orange Saloon
Badges
Playlists
Quests
Create
Leaderboards
Showdown
Live 5
Trivia Bingo
Activity
Puzzle Library
Sporcle Events
Private Events
Virtual Trivia
Globe League
Become a Host
Pub Owners
SporcleCon
Opinionation
Our Games
Videos
Blog
Mobile Apps
Partnerships
Remove Ads and Go Orange
Feedback
Sports
Athletes
MLB
NBA
NHL
NFL
Soccer
Sports Teams
WWE
NCAA
Football
Premier League
Basketball
Baseball
Hockey
Golf
Tennis
Cricket
Rugby
Auto Racing
Olympics
World Cup
Sports
Athletes
MLB
NBA
NHL
NFL
Soccer
Sports Teams
WWE
NCAA
Football
Premier League
Basketball
Baseball
Hockey
Golf
Tennis
Cricket
Rugby
Auto Racing
Olympics
World Cup
Random Quiz
Search Sporcle
×
Quiz Lab
Quiz Lab
Sports
MMA Fighters
Type in answers that appear in a list
Type in answers that appear in a list
Classic
Best Score? Go Orange.
MMA Fighter Nicknames Stats
Can you name the MMA Fighter Nicknames?
By
Skinner
5m
28 Questions
316 Plays
316 Plays
316 Plays
Comments
Comments
Give Quiz Kudos
Give Quiz Kudos
-
- Ratings
hide this ad
Random Order
Randomize order of answers
Randomize order of answers
Replay
Link that replays current quiz
Next Quiz
Link to next quiz in quiz playlist
You Got
0%
They Got
Avg Score
52%
Avg Friend Score
Upgrade to see
Score Distribution
Jump to the score distribution portion of the page
Score
0/28
Timer
05:00
0
Plays Today
fighter
% Correct
Chuck Liddell
The Iceman
91.1%
Randy Couture
The Natural
88.6%
Wanderlei Silva
The Axe Murderer
83.5%
Keith Jardine
The Dean of Mean
81.3%
BJ Penn
The Prodigy
81%
Michael Bisping
The Count
78.8%
Rich Franklin
Ace
78.5%
Tito Ortiz
The Huntington Beach Bad Boy
73.4%
David Abbott
Tank
71.2%
Andrei Arlovski
The Pitbull
71.2%
Fedor Emelianenko
The Last Emperor
67.1%
Marcus Davis
The Irish Hand Grenade
65.8%
Kevin Ferguson
Kimbo Slice
63%
Renato Sobral
Babalu
61.7%
fighter
% Correct
Jens Pulver
Little Evil
59.8%
Phil Baroni
The New York Badass
50.9%
Gabriel Gonzaga
Napao
43.4%
Brett Rogers
Grim
41.5%
Vladimir Matyushenko
The Janitor
40.8%
Matt Linland
The Law
40.5%
Don Frye
The Predator
31.3%
Ian Freeman
The Machine
24.7%
Elvis Sinosic
The King of Rock and Rumble
24.4%
Gary Goodridge
Big Daddy
24.1%
Pat Miletich
The Croation Sensation
13.3%
Travis Lutter
The Serial Killer
10.4%
Bas Rutten
The Boss
5.7%
Genki Sudo
The Neon Samurai
4.4%
Quiz Playlist
Details
Report
Send in Message
Add To Playlist
Classic:
Type in answers that appear in a list
Random Order:
Randomize order of answers
Last Updated: Feb 16, 2017
Quiz Scoreboard
CHALLENGE
Sign Up to Join the Scoreboard
Show All
Scores
Hide
Comments
May contain spoilers
Recently Published
Find the 'City' Movie
by crazypaving
Movies
60s
5x2 Blitz: Bands
by SL_Kpop136
Music
30s
Colored Red Africa Blitz
by spor1
Geography
30s
More to Explore
Quiz From the Vault
Featured Blog Post
14 Easter Pick-up Lines to Find Eggs With
hide this ad
You Might Also Like...
Tags
Fighter
MMA
MMA Fighters
nickname
Today's Top Quizzes in Sports
Browse Sports
hide this ad
Today's Top Quizzes in MMA Fighters
Browse MMA Fighters
Top Contributed Quizzes in Sports
1
Players with Multiple 50 Home Run Seasons
2
Les entraîneurs de l'OM et du PSG au 21e siècle
3
Criteria MLB: Left Handed Sluggers
4
2022 World Cup Stars
5
Les meilleurs buteurs des matchs entre le PSG et l’OM
6
Who Hit More Homers?
7
Les joueurs passés par le PSG et l'OM
8
NBA Logic Puzzle 2.0
9
Top 10 NHL Goal Scorers of All Time
10
MLB Players with Two .350 Batting Average Seasons
Explore More
Trending Topics
Marvel
Disney
Crossword
Harry Potter
NBA
Kpop
Anime
Puzzle
Song
Soccer
WWE
The Office
Pokémon
Country
NFL
hide this ad
More By:
Skinner
Quiz
Plays
Rating
Category
Featured
Created
MMA Fighter Nicknames
316
2.00
Sports
Oct 16, 2009
Go to Creator's Profile
Score Distribution
Quiz Creator Spotlight
Skinner
Follow
Send a Message
Quizzes Created
-
Created Quiz Play Count
-
More By This Creator
Popular Quizzes Today
1
Colored Red Africa Blitz
2
Find the 'City' Movie
3
Find the US States - No Outlines Minefield
4
5x2 Blitz: Bands
5
The Countries of the World
6
Find the US States
7
US States
8
9x9 Crossword: Cartoon Network
More Sports Quizzes
SI's Top 100 NBA Players of 2019 (By any 3 Letters)
Quiz Lab
Trending Quizzes
Colored Red Europe Blitz I
Colored Red Europe Blitz II
Colored Red Africa Blitz II
Colored Red Europe Blitz III
Colored Red Africa Blitz III
Recently Updated
How Do You Spell That?
pecheneg
Godzilla Movies
pecheneg
Grab Bag: 4-10 Letters
pecheneg
2024 March Madness Bracket
pecheneg
Famous TV Couples
Peacemaker
Champions League XIs: Real Madrid
pecheneg
Largest US Cities 1790-2010
pecheneg
Rides in Walt Disney World
pecheneg
Most Oscar Losses (Acting)
pecheneg
Beyoncé Albums
pecheneg
Trending Topics
Anime
Harry Potter
Disney
Kpop
Marvel
Crossword
NBA
NFL
Pokémon
The Office
Song
WWE
Country
Soccer
Puzzle
Your Account Isn't Verified!
In order to create a playlist on Sporcle, you need to verify the email address you used during registration. Go to your
Sporcle Settings
to finish the process.
Report this User
Report this user for behavior that violates our
Community Guidelines
.
Details:
Send Report
Go to the Sporcle.com Mobile Site →
Comments